Music in the role-playing game (Record no. 5301)

MARC details
000 -CABECERA
campo de control de longitud fija 03772nam a2200373 i 4500
001 - NÚMERO DE CONTROL
campo de control tf9781351253208-EBA
003 - IDENTIFICADOR DEL NÚMERO DE CONTROL
campo de control DLC
005 - FECHA Y HORA DE LA ÚLTIMA TRANSACCIÓN
campo de control 20260126104700.0
006 - CÓDIGOS DE INFORMACIÓN DE LONGITUD FIJA--CARACTERÍSTICAS DEL MATERIAL ADICIONAL
campo de control de longitud fija m o d
007 - CAMPO FIJO DE DESCRIPCIÓN FÍSICA--INFORMACIÓN GENERAL
campo de control de longitud fija cr |n|||||||||
008 - DATOS DE LONGITUD FIJA--INFORMACIÓN GENERAL
campo de control de longitud fija 190311t20202020nyua ob 001 0 eng
010 ## - NÚMERO DE CONTROL DE LA BIBLIOTECA DEL CONGRESO
Número de control de LC 2019012045
020 ## - NÚMERO INTERNACIONAL ESTÁNDAR DEL LIBRO
Número Internacional Estándar del Libro 9781351253185
035 ## - NÚMERO DE CONTROL DEL SISTEMA
Número de control de sistema tf9781351253208
040 ## - FUENTE DE LA CATALOGACIÓN
Centro catalogador/agencia de origen DLC
Lengua de catalogación eng
Normas de descripción rda
-- pn
Centro/agencia transcriptor DLC
Centro/agencia modificador UOH
041 ## - CÓDIGO DE LENGUA
Código de lengua del texto/banda sonora o título independiente en
042 ## - CÓDIGO DE AUTENTICACIÓN
Código de autenticación pcc
050 10 - SIGNATURA TOPOGRÁFICA DE LA BIBLIOTECA DEL CONGRESO
Número de clasificación ML3540.7
Número de documento/Ítem .M876 2020
245 00 - MENCIÓN DE TÍTULO
Título Music in the role-playing game
Resto del título : heroes & harmonies
Mención de responsabilidad, etc. / edited by William Gibbons and Steven Reale.
264 #1 - PRODUCCIÓN, PUBLICACIÓN, DISTRIBUCIÓN, FABRICACIÓN Y COPYRIGHT
Producción, publicación, distribución, fabricación y copyright New York, NY ;
-- London :
Nombre del de productor, editor, distribuidor, fabricante Routledge/Taylor & Francis Group,
Fecha de producción, publicación, distribución, fabricación o copyright 2020.
264 #4 - PRODUCCIÓN, PUBLICACIÓN, DISTRIBUCIÓN, FABRICACIÓN Y COPYRIGHT
Fecha de producción, publicación, distribución, fabricación o copyright ℗2020.
300 ## - DESCRIPCIÓN FÍSICA
Extensión x, 224 pages :
Otras características físicas illustrations.
490 1# - MENCIÓN DE SERIE
Mención de serie Routledge music and screen media series.
504 ## - NOTA DE BIBLIOGRAFÍA, ETC.
Nota de bibliografía, etc. Includes bibliographical references and index.
505 ## - NOTA DE CONTENIDO CON FORMATO
Nota de contenido con formato Prologue: The Journey Begins<br/>— Part I: Magical Melodies<br/>— Song and the Transition to “Part-Talkie” Japanese Role-Playing Games<br/>— “The Things I Do for Lust …”: Humor and Subversion in The Bard’s Tale<br/>— Mother/EarthBound Zero and the Power of the Naïve Aesthetic: No Crying Until the Ending<br/><br/>— Part II: Mystical Metaphors<br/>— Alien Waves: Sonic Reverberations of the RPG Interface in Lagrange Point<br/>— The Penultimate Fantasy: Nobuo Uematsu’s Score for Cleopatra no Ma Takara<br/>— Music in the Time of Video Games: Spelunking Final Fantasy IV<br/>— Operatic Conventions and Expectations in Final Fantasy VI<br/><br/>— Part III: Meaningful Memories<br/>— Ludomusical Dissonance in Diablo III<br/>— A Hidden Harmony: Music Theory Pedagogy and Role-Playing Games<br/>— Soundwalking and the Aurality of Stardew Valley: An Ethnography of Listening to and Interacting with Environmental Game Audio<br/>— Musical Landscapes in Skyrim<br/>— Barriers to Listening in World of Warcraft
520 ## - SUMARIO, ETC.
Sumario, etc. Music in the Role-Playing Game: Heroes & Harmonies offers the first scholarly approach focusing on music in the broad class of video games known as role-playing games, or RPGs. Known for their narrative sophistication and long playtimes, RPGs have long been celebrated by players for the quality of their cinematic musical scores, which have taken on a life of their own, drawing large audiences to live orchestral performances.<br/><br/>The chapters in this volume address the role of music in popular RPGs such as Final Fantasy and World of Warcraft, delving into how music interacts with the gaming environment to shape players’ perceptions and engagement. The contributors apply a range of methodologies to the study of music in this genre, exploring topics such as genre conventions around music, differences between music in Japanese and Western role-playing games, cultural representation, nostalgia, and how music can shape deeply personal game experiences.<br/><br/>Music in the Role-Playing Game expands the growing field of studies of music in video games, detailing the considerable role that music plays in this modern storytelling medium, and breaking new ground in considering the role of genre. Combining deep analysis with accessible personal accounts of authors’ experiences as players, it will be of interest to students and scholars of music, gaming, and media studies.
545 0# - DATOS BIOGRÁFICOS O HISTÓRICOS
Datos biográficos o históricos William Gibbons is Associate Professor of Musicology and Associate Dean of the College of Fine Arts at Texas Christian University. Steven Reale is Associate Professor of Music Theory at Youngstown State University.
650 #0 - PUNTO DE ACCESO ADICIONAL DE MATERIA--TÉRMINO DE MATERIA
Término de materia o nombre geográfico como elemento de entrada Video game music
Subdivisión general History and criticism.
650 #0 - PUNTO DE ACCESO ADICIONAL DE MATERIA--TÉRMINO DE MATERIA
Término de materia o nombre geográfico como elemento de entrada Fantasy games.
9 (RLIN) 26662
700 ## - ENTRADA AGREGADA--NOMBRE PERSONAL
Nombre de persona Gibbons, William
Forma completa/desarrollada del nombre (William James),
Fechas asociadas al nombre 1981-
Término indicativo de función/relación editor.
700 ## - ENTRADA AGREGADA--NOMBRE PERSONAL
Nombre de persona Reale, Steven,
Término indicativo de función/relación editor.
9 (RLIN) 26663
830 #0 - PUNTO DE ACCESO ADICIONAL DE SERIE-TÍTULO UNIFORME
Título uniforme Routledge music and screen media series.
942 ## - ELEMENTOS DE ENTRADA AGREGADA (KOHA)
Fuente del sistema de clasificación o colocación Clasificación de Library of Congress
Holdings
Estado de retiro Estado de pérdida Fuente del sistema de clasificación o colocación Estado dañado No para préstamo Biblioteca de origen Biblioteca actual Fecha de adquisición Total de préstamos Signatura topográfica completa Fecha visto por última vez Número de copia Precio válido a partir de Tipo de ítem Koha Nota pública
    Clasificación de Library of Congress     TBS Barcelona TBS Barcelona 26/01/2026   ML3540.7 MUS 26/01/2026 1 26/01/2026 Book SOON AVAILABLE

Powered by Koha